Do gender and personality traits (BFI-10) influence trust? A replication

Vplyv rodu, pohlavia (gender) a osobnostných čŕt na dôveru (trust) z pohľadu dôvery ako základu obchodu a výmeny tovarov. Použité miery: dôvera a nedôvera. Neuróza. Snaha o vytvorenie jednorozmerného indikátoru spojením pohlavia a osobnostných čŕt.

Salvato in:
Dettagli Bibliografici
Autore principale: Sudzina, František
Natura: Capitolo di libro
Lingua:inglese
Soggetti:
Tags: Aggiungi Tag
Nessun Tag, puoi essere il primo ad aggiungerne!!

MARC

LEADER 00000nla a2200000 4500
001 0230396
005 20230425084043.4
041 0 |a eng 
044 |a CZ 
245 1 0 |a Do gender and personality traits (BFI-10) influence trust? A replication  |c František Sudzina 
520 |a Vplyv rodu, pohlavia (gender) a osobnostných čŕt na dôveru (trust) z pohľadu dôvery ako základu obchodu a výmeny tovarov. Použité miery: dôvera a nedôvera. Neuróza. Snaha o vytvorenie jednorozmerného indikátoru spojením pohlavia a osobnostných čŕt. 
610 2 0 |a vzťahy genderové 
610 2 0 |a business intelligence 
610 2 0 |a nákup elektronický 
610 2 0 |a výskum psychologický 
610 2 0 |a výskum kvantitatívny 
610 2 0 |a metódy kvantitatívne 
100 1 |a Sudzina, František